| 000 | 00915nam a2200217 a 4500 | ||
|---|---|---|---|
| 001 | 000249483 | ||
| 003 | AM-YeHGA | ||
| 005 | 20250618071655.0 | ||
| 008 | 030722s1963 ai 000 | arm d | ||
| 040 | _aAM-YeHGA | ||
| 100 | 1 | _aՊաուստովսկի, Կոնստանտին Գեորգիևիչ | |
| 245 | 1 | 0 |
_aԻսահակ Լևիտան : _b[Պատմվածք] / _cԿ. Պաուստովսկի; Թարգմ.՝ Խ. Հրաչյան; Խմբ.՝ Դ.Գ. Եսայան. |
| 260 |
_aԵրևան : _bՀայպետհրատ, _c1963. |
||
| 300 |
_a43 էջ ; _c17 սմ. |
||
| 440 | 0 |
_aՊատմվածքներ XX դար _v4 |
|
| 600 | 1 | 4 | _aԼևիտան, Իսահակ |
| 650 | 1 | 4 |
_aՌուս գրականություն _xՊատմվածք _94645 |
| 700 | 1 |
_aՀրաչյան, Խաչիկ Թադևոսի, _d1912-1989 _eթարգմ. _4trl _91925 |
|
| 700 | 1 |
_aԵսայան, Դորա Գարեգինի, _d1926-1994 _eխմբ. _4edt _91879 |
|
| 090 | _c90533 | ||
| 999 |
_c89246 _d89246 |
||